000 00826nam a22002417a 4500
003 DO-SdBNP
005 20221208125128.0
007 ta
008 220530b2021 dr ||||| |||| 00| 0 spa d
020 _a9789945099744
040 _aDO-SdBNP
_bspa
_cBNPHU
082 4 _aRD863.44
_bA448m
_222
100 _937117
_aAlmeyda Rancier, Franklin
245 1 0 _aMarrón tierra & negra noche :
_bcon ellas empezó todo! (Lo Narra Francois de la Mancha - alias- El Hugonote) /
_cFranklin Almeyda Rancier.
260 _aSanto Domingo :
_b[s.n.],
_c2021.
300 _a451 p. ;
_c23 cm.
504 _aBibliografía : p. 447-451
590 _aInventariado, 2022 /LP
650 4 _aNovela histórica dominicana
_9860
650 4 _aLiteratura dominicana
910 _aLopérez./Validado. Control de calidad MFF
942 _2ddc
_cLBS1
999 _c51846
_d51846